MAASAI MARA UNIVERSITY

LIBRARY CATALOGUE

Contact Us: +254 020 2685356/7 or 0774 057787

Box: 861-20500, NAROK, KENYA

Email: info@mmarau.ac.ke

_Fruits and nuts species with potential for Tanzania Agnes Nyambo (Record no. 8145)

MARC details
000 -LEADER
fixed length control field 00430nam a2200145Ia 4500
008 - FIXED-LENGTH DATA ELEMENTS--GENERAL INFORMATION
fixed length control field 151021s9999 xx 000 0 und d
020 ## - INTERNATIONAL STANDARD BOOK NUMBER
International Standard Book Number 9966896716
245 ## - TITLE STATEMENT
Title _Fruits and nuts species with potential for Tanzania Agnes Nyambo
260 ## - PUBLICATION, DISTRIBUTION, ETC. (IMPRINT)
Place of publication, distribution, etc. Nairobi RELMA 2005
300 ## - PHYSICAL DESCRIPTION
Extent ix,160p;ill.
500 ## - GENERAL NOTE
General note Includes bibliography
650 ## - SUBJECT ADDED ENTRY--TOPICAL TERM
Topical term or geographic name as entry element _fruits and nuts
700 ## - ADDED ENTRY--PERSONAL NAME
Personal name _Agnes Nyomora
980 ## - EQUIVALENCE OR CROSS-REFERENCE-SERIES STATEMENT--PERSONAL NAME/TITLE [LOCAL, CANADA]
Personal name ^d20110920 10:59:48^okorir

No items available.

© 2016 Maasai Mara University.